Partitions de l'Empire carolingien sur une Carte - Statistiques

Statistiques générales
  • Ce quiz a été pris 47 fois
  • Le résultat moyen est 6 sur 10
Réponses sur la Carte
Les réponses sont colorées sur une échelle allant du rouge au vert en fonction du pourcentage des utilisateurs qui les ont devinées à leur premier essai. Vous pouvez retrouver ces pourcentages ci-dessous.
 
Statistiques - réponses
Group Réponse % Correct
2 Francie occidentale
82%
1 Empire carolingien
79%
2 Francie orientale
79%
3 Italie
79%
3 Lotharingie
68%
2 États pontificaux
55%
3 Provence
55%
2 Francie médiane
47%
6 Basse-Bourgogne
16%
6 Haute-Bourgogne
16%
Aucun quiz correspondant
Distribution des résultats
% des personnes avec chaque résultat
Percentile par nombre de réponses
Votre historique - résultats
Vous n’avez pas pris ce quiz